[Event "Titled Tuesday intern op 02nd Aug Late"]
[Site "Chess.com INT"]
[Date "2022.08.02"]
[Round "2"]
[White "Melikhov, Evgeny V"]
[Black "Awatramani, Janak"]
[Result "0-1"]
[WhiteElo "2292"]
[BlackElo "2213"]
[PlyCount "136"]
[EventDate "2022.08.02"]
[EventType "swiss (blitz)"]
[EventRounds "11"]
[EventCountry "USA"]
[SourceTitle "EXT 2023"]
[Source "ChessBase"]
[SourceDate "2022.10.05"]
[SourceVersion "1"]
[SourceVersionDate "2022.10.05"]
[SourceQuality "1"]

1. d4 e6 2. c4 Nf6 3. Nc3 Be7 4. e4 d6 5. Qc2 b6 6. e5 Nfd7 7. Nf3 c5 8. exd6 Bxd6 9. d5 0-0 10. Bd3 h6 11. 0-0 Nf6 12. b3 exd5 13. cxd5 Na6 14. a3 Nc7 15. Bb2 Bg4 16. Rfe1 Bxf3 17. gxf3 Nfxd5 18. Nxd5 Nxd5 19. Bh7+ Kh8 20. Be4 Qg5+ 21. Kf1 Nf4 22. Red1 Qg2+ 23. Ke1 Rad8 24. Kd2 Be5+ 25. Kc1 Rxd1+ 26. Qxd1 Bxb2+ 27. Kxb2 Qxf2+ 28. Qc2 Qd4+ 29. Ka2 Rd8 30. Rc1 g5 31. h4 Qd2 32. b4 cxb4 33. Qxd2 Rxd2+ 34. Kb3 bxa3 35. Kxa3 Rd6 36. Rc7 Kg7 37. hxg5 hxg5 38. Rxa7 Ne6 39. Kb4 Nc5 40. Ba8 Nd3+ 41. Kc3 Ne5 42. Ra4 b5 43. Rd4 Rxd4 44. Kxd4 Kf6 45. Ke4 Ng6 46. Bb7 Nf4 47. Kd4 Kf5 48. Kc5 Ne6+ 49. Kxb5 Kf4 50. Kc4 f5 51. Ba8 Nf8 52. Kd3 Ng6 53. Ke2 Kg3 54. Bb7 f4 55. Ba8 Ne7 56. Bb7 Nf5 57. Ba8 Nd4+ 58. Kf1 Nxf3 59. Bb7 g4 60. Ba8 Nh2+ 61. Kg1 f3 62. Kh1 f2 63. Bg2 f1Q+ 64. Bxf1 Nxf1 65. Kg1 Ne3 66. Kh1 Kf2 67. Kh2 g3+ 68. Kh3 g2 0-1

[Event "Titled Tuesday intern op 28th Dec"]
[Site "Chess.com INT"]
[Date "2021.12.28"]
[Round "2"]
[White "Awatramani, Janak"]
[Black "Nechaeva, Marina"]
[Result "0-1"]
[WhiteElo "2213"]
[BlackElo "2384"]
[PlyCount "90"]
[EventDate "2021.12.28"]
[EventType "swiss (blitz)"]
[EventRounds "11"]
[EventCountry "USA"]
[SourceTitle "CBM 206 Extra"]
[Source "ChessBase"]
[SourceDate "2022.03.31"]
[SourceVersion "1"]
[SourceVersionDate "2022.03.31"]
[SourceQuality "1"]

1. b3 d5 2. Bb2 e6 3. e3 Nf6 4. Nf3 b6 5. d4 Bb7 6. Nbd2 Nbd7 7. Bd3 c5 8. 0-0 Be7 9. Ne5 Nxe5 10. dxe5 Nd7 11. f4 g6 12. c4 h5 13. cxd5 Bxd5 14. e4 Bc6 15. Qe2 Qc7 16. Rad1 0-0-0 17. Nc4 Kb8 18. f5 gxf5 19. exf5 Rhg8 20. Be4 Rg4 21. Bf3 Bxf3 22. Qxf3 Rdg8 23. Ne3 R4g5 24. fxe6 fxe6 25. Kh1 Nxe5 26. Qe4 Ng4 27. Nxg4 Rxg4 28. Qxe6 Qb7 29. Qd5 Qxd5 30. Rxd5 Rxg2 31. Be5+ Ka8 32. Bg3 Re2 33. Rxh5 Rxa2 34. Rh7 Re2 35. Rff7 Re8 36. h4 a5 37. h5 c4 38. bxc4 a4 39. Rf2 Bc5 40. Rxe2 Rxe2 41. Rh8+ Kb7 42. Rb8+ Ka7 43. Rd8 a3 44. Rd1 a2 45. h6 Bd4 0-1

[Event "Titled Tuesday intern op 30th Nov"]
[Site "Chess.com INT"]
[Date "2021.11.30"]
[Round "1"]
[White "Shuvalov, Evgenij"]
[Black "Awatramani, Janak"]
[Result "0-1"]
[WhiteElo "2182"]
[BlackElo "2213"]
[PlyCount "80"]
[EventDate "2021.11.30"]
[EventType "swiss (blitz)"]
[EventRounds "11"]
[EventCountry "USA"]
[SourceTitle "CBM 205 Extra"]
[Source "ChessBase"]
[SourceDate "2022.01.31"]
[SourceVersion "1"]
[SourceVersionDate "2022.01.31"]
[SourceQuality "1"]

1. Nf3 e6 2. c4 Nf6 3. g3 b6 4. Bg2 Bb7 5. 0-0 d5 6. b3 c5 7. e3 Be7 8. Bb2 Nbd7 9. Nc3 0-0 10. Qe2 a6 11. Rad1 Qc7 12. d3 Rfd8 13. Rd2 Nf8 14. Rfd1 Ng6 15. h3 Rd7 16. cxd5 exd5 17. d4 c4 18. bxc4 dxc4 19. d5 b5 20. a3 Rad8 21. e4 Bc5 22. Nb1 Qxg3 23. Bxf6 gxf6 24. Nd4 Qxg2+ 25. Kxg2 Nf4+ 26. Kf3 Nxe2 27. Kxe2 Bxd4 28. Rxd4 f5 29. Nc3 fxe4 30. Nxe4 Re7 31. Kf1 f5 32. Ng3 Re5 33. d6 Kf7 34. Rh4 Kg6 35. Ne2 Bf3 36. Rd2 Bxe2+ 37. Rxe2 Rxe2 38. Kxe2 Rxd6 39. a4 c3 40. axb5 axb5 0-1

[Event "Titled Tuesday intern op 23rd Nov"]
[Site "Chess.com INT"]
[Date "2021.11.23"]
[Round "1"]
[White "Awatramani, Janak"]
[Black "Seemann, Jakub"]
[Result "0-1"]
[WhiteElo "2213"]
[BlackElo "2296"]
[PlyCount "138"]
[EventDate "2021.11.23"]
[EventType "swiss (blitz)"]
[EventRounds "11"]
[EventCountry "USA"]
[SourceTitle "CBM 205 Extra"]
[Source "ChessBase"]
[SourceDate "2022.01.31"]
[SourceVersion "1"]
[SourceVersionDate "2022.01.31"]
[SourceQuality "1"]

1. b3 e5 2. Bb2 Nc6 3. e3 Nf6 4. Nf3 Bd6 5. d4 exd4 6. exd4 0-0 7. Be2 Bb4+ 8. c3 Be7 9. d5 Nb8 10. 0-0 c5 11. d6 Nc6 12. dxe7 Qxe7 13. c4 Re8 14. Nc3 d6 15. Re1 Qf8 16. Nb5 Ne4 17. Nc7 Bf5 18. Nxa8 Rxa8 19. Bd3 Re8 20. Qb1 Qe7 21. Nd2 Nxd2 22. Rxe7 Rxe7 23. Bxf5 Nxb1 24. Rxb1 g6 25. Bc8 f5 26. Bf6 Re2 27. Bxb7 Nb4 28. a3 Nd3 29. Bd5+ Kf8 30. Rd1 Nxf2 31. Kf1 Ra2 32. Ra1 Rc2 33. b4 Ng4 34. Bg5 Nxh2+ 35. Ke1 Ng4 36. bxc5 dxc5 37. Rb1 h6 38. Rb8+ Kg7 39. Rb7+ Kf8 40. Bf4 Rc3 41. Be6 Rd3 42. Ke2 Rd4 43. Kf3 Rd3+ 44. Ke2 Rd4 45. Bxh6+ Nxh6 46. Bd5 Ng4 47. Rxa7 Ne5 48. Rc7 Nxc4 49. Rxc5 Nxa3 50. Bb3 Nb1 51. Rc6 Rd2+ 52. Kf1 Rb2 53. Bd5 Kg7 54. Rc7+ Kh6 55. Rc6 Nd2+ 56. Kg1 Ne4 57. Bf7 Rb1+ 58. Kh2 Rb2 59. Rxg6+ Kh7 60. Ra6 Kg7 61. Bg6 Rf2 62. Bh5 Rf4 63. Kg1 Rh4 64. Bf3 Rf4 65. Ra4 Kf6 66. Bh5 Kg5 67. Bf7 Ng3 68. Ra8 Ne2+ 69. Kh1 Rh4# 0-1

[Event "Titled Tuesday intern op 17th Aug"]
[Site "Chess.com INT"]
[Date "2021.08.17"]
[Round "9"]
[White "Awatramani, Janak"]
[Black "Laurusas, Tomas"]
[Result "1-0"]
[WhiteElo "2213"]
[BlackElo "2549"]
[PlyCount "75"]
[EventDate "2021.08.17"]
[EventType "swiss (blitz)"]
[EventRounds "11"]
[EventCountry "USA"]
[SourceTitle "EXT 2022"]
[Source "ChessBase"]
[SourceDate "2021.10.06"]
[SourceVersion "1"]
[SourceVersionDate "2021.10.06"]
[SourceQuality "1"]

1. b3 Nf6 2. Bb2 e6 3. e3 Be7 4. Nf3 0-0 5. d4 c5 6. Nbd2 b6 7. c4 Bb7 8. Bd3 cxd4 9. exd4 d5 10. Rc1 Nc6 11. 0-0 dxc4 12. bxc4 Rc8 13. Re1 Re8 14. a3 Bf8 15. Bb1 Ne7 16. Ne5 Ng6 17. Ndf3 Bd6 18. Qb3 Bxe5 19. Nxe5 Nxe5 20. dxe5 Nd7 21. Qh3 Nf8 22. Qg4 Rc7 23. h4 Qd2 24. Bc3 Qd7 25. Bb4 Rec8 26. h5 h6 27. Re3 Nh7 28. Rg3 Ng5 29. f4 Rxc4 30. Rd1 Rc1 31. Rgd3 Nf3+ 32. Kf2 Rxd1 33. Rxd7 Rxd7 34. gxf3 a5 35. Bd6 Rc1 36. Be4 Ba6 37. f5 Bc4 38. f6 1-0

[Event "Titled Tuesday intern op 17th Aug"]
[Site "Chess.com INT"]
[Date "2021.08.17"]
[Round "1"]
[White "Begunov, Konstantin"]
[Black "Awatramani, Janak"]
[Result "0-1"]
[WhiteElo "2325"]
[BlackElo "2213"]
[PlyCount "162"]
[EventDate "2021.08.17"]
[EventType "swiss (blitz)"]
[EventRounds "11"]
[EventCountry "USA"]
[SourceTitle "EXT 2022"]
[Source "ChessBase"]
[SourceDate "2021.10.06"]
[SourceVersion "1"]
[SourceVersionDate "2021.10.06"]
[SourceQuality "1"]

1. d4 d5 2. c4 e6 3. Nc3 Nf6 4. cxd5 exd5 5. Bg5 Be7 6. e3 Bf5 7. Qb3 Nc6 8. Bxf6 Bxf6 9. Qxd5 Qc8 10. Bb5 0-0 11. Nge2 Nb4 12. Qf3 Nc2+ 13. Kd2 Nxa1 14. Rxa1 c6 15. Bd3 Bxd3 16. Kxd3 Re8 17. Ne4 Be7 18. Rc1 b6 19. N2c3 Qa6+ 20. Kc2 b5 21. Kb1 b4 22. Ne2 b3 23. axb3 Rab8 24. Rc3 Bb4 25. Rc4 Ba5 26. Nc1 Bc7 27. Nc5 Qb5 28. Nd7 Rbd8 29. Rc5 Qf1 30. Qxc6 Bxh2 31. Rg5 Re6 32. Qd5 Kh8 33. Rf5 Kg8 34. Nf6+ gxf6 35. Qxd8+ Kg7 36. Qd5 Re7 37. g3 Rc7 38. b4 Rxc1+ 39. Ka2 Qa6+ 40. Kb3 Qe6 41. e4 Bg1 42. Qxe6 fxe6 43. Rf3 Rf1 44. d5 exd5 45. exd5 Rxf2 46. Rd3 Rg2 47. d6 Bb6 48. d7 h5 49. Kc4 Bd8 50. b3 Kf7 51. Re3 Rd2 52. Rd3 Rxd3 53. Kxd3 Ke7 54. Ke4 Kxd7 55. Kf5 Ke7 56. Kg6 Bc7 57. Kxh5 Bxg3 58. Kg4 Bd6 59. Kf5 Bxb4 60. Ke4 Bc3 61. Kf5 Be5 62. Ke4 Kd6 63. Kf5 Kc5 64. Ke4 Kb4 65. Kd3 Kxb3 66. Ke4 a5 67. Kd5 Kb2 68. Ke4 a4 69. Kd3 a3 70. Kc4 a2 71. Kd5 a1Q 72. Ke4 Qd1 73. Kf5 Bc3 74. Ke6 Qd4 75. Kf5 Qe5+ 76. Kg6 f5 77. Kf7 f4 78. Kg6 Qf6+ 79. Kh5 Qg7 80. Kh4 Bf6+ 81. Kh3 Qg3# 0-1

[Event "Titled Tuesday intern op 17th Aug"]
[Site "Chess.com INT"]
[Date "2021.08.17"]
[Round "10"]
[White "Lashkin, Jegor"]
[Black "Awatramani, Janak"]
[Result "1-0"]
[WhiteElo "2386"]
[BlackElo "2213"]
[PlyCount "65"]
[EventDate "2021.08.17"]
[EventType "swiss (blitz)"]
[EventRounds "11"]
[EventCountry "USA"]
[SourceTitle "EXT 2022"]
[Source "ChessBase"]
[SourceDate "2021.10.06"]
[SourceVersion "1"]
[SourceVersionDate "2021.10.06"]
[SourceQuality "1"]

1. d4 d5 2. c4 e6 3. Nf3 Nf6 4. Nc3 Be7 5. Bf4 a6 6. c5 b6 7. cxb6 cxb6 8. e3 Bb7 9. Bd3 0-0 10. 0-0 b5 11. a4 b4 12. Ne2 a5 13. Nc1 Ba6 14. Nb3 Nbd7 15. Bxa6 Rxa6 16. Qd3 Qa8 17. Rfc1 Nb6 18. Ne5 Ne4 19. f3 Nf6 20. Rc7 Bd8 21. Rc2 Nh5 22. Nc5 Nxf4 23. Qxa6 Qxa6 24. Nxa6 Ng6 25. Nxg6 hxg6 26. b3 Bg5 27. Kf2 f6 28. Nc5 e5 29. Ne6 Re8 30. Nxg5 fxg5 31. Rc6 Nd7 32. Rac1 Kh7 33. Rc8 1-0

[Event "Titled Tuesday intern op 16th Feb"]
[Site "Chess.com INT"]
[Date "2021.02.16"]
[Round "2"]
[White "Awatramani, Janak"]
[Black "Dowgird, Filip"]
[Result "1-0"]
[WhiteElo "2213"]
[BlackElo "2348"]
[PlyCount "65"]
[EventDate "2021.02.16"]
[EventType "swiss (blitz)"]
[EventRounds "11"]
[EventCountry "USA"]
[SourceTitle "EXT 2022"]
[Source "ChessBase"]
[SourceDate "2021.10.06"]
[SourceVersion "1"]
[SourceVersionDate "2021.10.06"]
[SourceQuality "1"]

1. g3 e5 2. Bg2 Nf6 3. d3 d6 4. Nc3 Be7 5. e4 0-0 6. h3 c6 7. f4 b5 8. Nf3 b4 9. Ne2 exf4 10. gxf4 d5 11. e5 Nh5 12. 0-0 c5 13. Qe1 Nc6 14. Ng3 Nxg3 15. Qxg3 f6 16. Be3 Be6 17. Rae1 fxe5 18. fxe5 Qd7 19. Ng5 Bxg5 20. Bxg5 Nd4 21. c3 Rxf1+ 22. Bxf1 bxc3 23. bxc3 Nf5 24. Qg2 Rb8 25. Re2 d4 26. c4 h6 27. Bf4 g5 28. Kh2 Kh7 29. Bd2 Rb1 30. Rf2 Qb7 31. Qxb7+ Rxb7 32. Bg2 Kg7 33. Bxb7 1-0

[Event "Titled Tuesday intern op 16th Feb"]
[Site "Chess.com INT"]
[Date "2021.02.16"]
[Round "6"]
[White "Awatramani, Janak"]
[Black "Seo, Jung Min"]
[Result "1-0"]
[WhiteElo "2213"]
[BlackElo "2453"]
[PlyCount "47"]
[EventDate "2021.02.16"]
[EventType "swiss (blitz)"]
[EventRounds "11"]
[EventCountry "USA"]
[SourceTitle "EXT 2022"]
[Source "ChessBase"]
[SourceDate "2021.10.06"]
[SourceVersion "1"]
[SourceVersionDate "2021.10.06"]
[SourceQuality "1"]

1. g3 Nf6 2. Bg2 g6 3. d3 Bg7 4. Nc3 0-0 5. e4 d6 6. f4 e5 7. Nge2 Nc6 8. 0-0 exf4 9. gxf4 Nh5 10. Ng3 Nxg3 11. hxg3 f5 12. Ne2 Nd4 13. c3 Nxe2+ 14. Qxe2 c6 15. Be3 fxe4 16. dxe4 Qe7 17. Rad1 Be6 18. a3 a6 19. Rd2 d5 20. exd5 Bxd5 21. Bxd5+ cxd5 22. Qf3 Kh8 23. Rxd5 Rae8 24. Bc5 1-0

[Event "Titled Tuesday intern op 16th Feb"]
[Site "Chess.com INT"]
[Date "2021.02.16"]
[Round "4"]
[White "Awatramani, Janak"]
[Black "Shkapenko, Pavel"]
[Result "1/2-1/2"]
[WhiteElo "2213"]
[BlackElo "2424"]
[PlyCount "78"]
[EventDate "2021.02.16"]
[EventType "swiss (blitz)"]
[EventRounds "11"]
[EventCountry "USA"]
[SourceTitle "EXT 2022"]
[Source "ChessBase"]
[SourceDate "2021.10.06"]
[SourceVersion "1"]
[SourceVersionDate "2021.10.06"]
[SourceQuality "1"]

1. g3 Nf6 2. Bg2 e5 3. d3 Bc5 4. Nc3 0-0 5. e4 Re8 6. h3 c6 7. Nge2 d5 8. 0-0 h6 9. Kh2 dxe4 10. Nxe4 Nxe4 11. Bxe4 Nd7 12. Bg2 Nf6 13. Nc3 Bf5 14. f4 e4 15. g4 Bh7 16. f5 exd3 17. cxd3 Bd6+ 18. Kh1 Qe7 19. Qf3 Rad8 20. Bd2 Bb8 21. Rad1 Rd4 22. Ne4 Nxe4 23. dxe4 Rxe4 24. Rde1 Rxe1 25. Rxe1 Qd8 26. Rxe8+ Qxe8 27. Bc3 f6 28. Qd3 Kh8 29. h4 Bg8 30. Bf3 Qe7 31. g5 fxg5 32. f6 gxf6 33. Qg6 Be5 34. Qxh6+ Bh7 35. Bxe5 Qxe5 36. Qf8+ Bg8 37. Qh6+ Bh7 38. Qf8+ Bg8 39. Qh6+ Bh7 1/2-1/2

[Event "Titled Tuesday intern op 16th Feb"]
[Site "Chess.com INT"]
[Date "2021.02.16"]
[Round "9"]
[White "Paravyan, David"]
[Black "Awatramani, Janak"]
[Result "0-1"]
[WhiteElo "2647"]
[BlackElo "2213"]
[PlyCount "94"]
[EventDate "2021.02.16"]
[EventType "swiss (blitz)"]
[EventRounds "11"]
[EventCountry "USA"]
[SourceTitle "EXT 2022"]
[Source "ChessBase"]
[SourceDate "2021.10.06"]
[SourceVersion "1"]
[SourceVersionDate "2021.10.06"]
[SourceQuality "1"]

1. d4 b6 2. e4 Bb7 3. Bd3 e6 4. Qe2 Nf6 5. Nf3 d5 6. e5 Nfd7 7. Bg5 Be7 8. h4 c5 9. c3 Nc6 10. a3 a6 11. Nbd2 b5 12. 0-0 h6 13. Bxe7 Qxe7 14. Qe3 g5 15. g3 0-0-0 16. b4 cxd4 17. cxd4 Nb6 18. hxg5 hxg5 19. Qxg5 Qc7 20. Nb3 Rdg8 21. Qf4 f5 22. Kg2 Rg4 23. Qc1 Nc4 24. Nc5 Nxd4 25. Nxd4 Qxe5 26. Nf3 Qd6 27. Rh1 Rhg8 28. Rh3 Bc6 29. Qh6 R4g6 30. Qh7 d4 31. Bxc4 bxc4 32. Qa7 Qd5 33. Qxa6+ Kd8 34. Qb6+ Ke7 35. Qc7+ Kf6 36. Qf4 e5 37. Qh4+ Kf7 38. Qh5 d3 39. b5 Rh8 40. Qxh8 Qxf3+ 41. Kf1 Qg2+ 42. Ke1 d2+ 43. Kxd2 Qxf2+ 44. Kc3 Qd4+ 45. Kb4 Qb2+ 46. Nb3 Qxb3+ 47. Kc5 Qxb5# 0-1

[Event "Titled Tuesday intern op 09th Feb"]
[Site "Chess.com INT"]
[Date "2021.02.09"]
[Round "1"]
[White "Awatramani, Janak"]
[Black "Hoffmann, Asa"]
[Result "1-0"]
[WhiteElo "2213"]
[BlackElo "2185"]
[PlyCount "61"]
[EventDate "2021.02.09"]
[EventType "swiss (blitz)"]
[EventRounds "11"]
[EventCountry "USA"]
[SourceTitle "EXT 2022"]
[Source "ChessBase"]
[SourceDate "2021.10.06"]
[SourceVersion "1"]
[SourceVersionDate "2021.10.06"]
[SourceQuality "1"]

1. g3 d6 2. Bg2 e5 3. d3 Nf6 4. Nc3 c6 5. e4 Be7 6. f4 h5 7. h3 b5 8. Nf3 Nbd7 9. Be3 a6 10. Qd2 Bb7 11. a3 Qc7 12. d4 c5 13. d5 c4 14. 0-0 Nc5 15. Nh4 Nfd7 16. Nf5 Bf8 17. fxe5 Nxe5 18. Bg5 g6 19. Nd4 Bg7 20. Bf6 Bh6 21. Qe2 0-0 22. Rf2 Ncd7 23. Bh4 Qc5 24. Rd1 Rae8 25. Kh1 Bg7 26. Bg5 Ng4 27. hxg4 Bxd4 28. Rff1 hxg4 29. Qxg4 Ne5 30. Qh4 Bc8 31. Bf6 1-0

[Event "Titled Tuesday intern op 09th Feb"]
[Site "Chess.com INT"]
[Date "2021.02.09"]
[Round "11"]
[White "Deac, Bogdan Daniel"]
[Black "Awatramani, Janak"]
[Result "1-0"]
[WhiteElo "2625"]
[BlackElo "2213"]
[PlyCount "75"]
[EventDate "2021.02.09"]
[EventType "swiss (blitz)"]
[EventRounds "11"]
[EventCountry "USA"]
[SourceTitle "EXT 2022"]
[Source "ChessBase"]
[SourceDate "2021.10.06"]
[SourceVersion "1"]
[SourceVersionDate "2021.10.06"]
[SourceQuality "1"]

1. e4 e6 2. Qe2 b6 3. Nf3 Bb7 4. g3 Nf6 5. e5 Nd5 6. Bg2 d6 7. 0-0 Nd7 8. d4 a5 9. c4 Nb4 10. a3 Na6 11. d5 Nac5 12. Nc3 Be7 13. exd6 cxd6 14. dxe6 Nxe6 15. Ng5 Bxg2 16. Nxe6 Bxf1 17. Nxg7+ Kf8 18. Qh5 Bd3 19. Nf5 Ne5 20. Bh6+ Ke8 21. Nxe7 Qxe7 22. Nd5 Bg6 23. Qe2 Qb7 24. f4 Bd3 25. Qe3 Bxc4 26. Nf6+ Kd8 27. fxe5 Kc8 28. Rc1 b5 29. b3 d5 30. bxc4 dxc4 31. Qc5+ Kb8 32. Rb1 b4 33. axb4 a4 34. Nd5 Ra6 35. Bf4 Rc8 36. e6+ Ka8 37. exf7 a3 38. f8Q 1-0

[Event "Titled Tuesday intern op 09th Feb"]
[Site "Chess.com INT"]
[Date "2021.02.09"]
[Round "2"]
[White "Rodchenkov, Sergey D"]
[Black "Awatramani, Janak"]
[Result "0-1"]
[WhiteElo "2346"]
[BlackElo "2213"]
[PlyCount "106"]
[EventDate "2021.02.09"]
[EventType "swiss (blitz)"]
[EventRounds "11"]
[EventCountry "USA"]
[SourceTitle "EXT 2022"]
[Source "ChessBase"]
[SourceDate "2021.10.06"]
[SourceVersion "1"]
[SourceVersionDate "2021.10.06"]
[SourceQuality "1"]

1. e4 e6 2. d4 a6 3. Nf3 b5 4. Bd3 Bb7 5. 0-0 Nf6 6. Re1 d5 7. e5 Nfd7 8. a4 b4 9. Nbd2 c5 10. c3 Nc6 11. Nf1 Qb6 12. Be3 c4 13. Bb1 bxc3 14. bxc3 Qb2 15. Bc2 Qb6 16. Rb1 Qc7 17. h4 Na5 18. Ng5 Be7 19. Qh5 g6 20. Qf3 0-0 21. h5 Bc6 22. Nxh7 Nxe5 23. dxe5 d4 24. Nf6+ Kg7 25. Qg3 dxe3 26. Nxe3 Rac8 27. hxg6 Bxf6 28. exf6+ Kxf6 29. Qh4+ Kg7 30. Qh7+ Kf6 31. Ng4+ Ke7 32. Qh4+ f6 33. Qh7+ Kd6 34. Red1+ Bd5 35. g7 Rg8 36. Nxf6 Rxg7 37. Qh2+ Kc6 38. Nxd5 Qxh2+ 39. Kxh2 exd5 40. g3 Rh8+ 41. Kg2 Nb7 42. Bf5 Nc5 43. Re1 Rf8 44. Bc2 Rgf7 45. Re2 Rg7 46. a5 Kc7 47. Rb6 Rd7 48. Re5 Rfd8 49. g4 Rf8 50. Bf5 Rd6 51. Rxd6 Kxd6 52. Bc2 Kxe5 53. Kg3 Ne4+ 0-1

[Event "Titled Tuesday intern op 29th Dec"]
[Site "Chess.com INT"]
[Date "2020.12.29"]
[Round "9"]
[White "Hansen, Eric"]
[Black "Awatramani, Janak"]
[Result "1-0"]
[WhiteElo "2606"]
[BlackElo "2213"]
[PlyCount "81"]
[EventDate "2020.12.29"]
[EventType "swiss (blitz)"]
[EventRounds "11"]
[EventCountry "USA"]
[SourceTitle "CBM 200 Extra"]
[Source "ChessBase"]
[SourceDate "2021.03.31"]
[SourceVersion "1"]
[SourceVersionDate "2021.03.31"]
[SourceQuality "1"]

1. e4 e6 2. d4 b6 3. Nf3 Bb7 4. Bd3 Nf6 5. Nbd2 d5 6. e5 Nfd7 7. 0-0 Be7 8. c3 c5 9. Ne1 Nc6 10. Nc2 a6 11. Qg4 g6 12. Nf3 h5 13. Qg3 Nf8 14. h4 c4 15. Be2 b5 16. a3 Qc7 17. Bg5 Nd7 18. a4 Nb6 19. axb5 axb5 20. Bxe7 Qxe7 21. Ng5 Kd7 22. Qf4 Rhf8 23. Nh7 Rh8 24. Nf6+ Kc7 25. Ne3 Rxa1 26. Rxa1 Ra8 27. Rb1 Ra2 28. Bf3 Na5 29. Ng8 Qf8 30. Nh6 Na4 31. Nd1 Kb6 32. Nxf7 Bc6 33. Qf6 Nb3 34. Qxe6 Nd2 35. Bxd5 Qe8 36. Qf6 Nxb1 37. Nd8 Kc7 38. Qd6+ Kc8 39. Nxc6 Nd2 40. Qb8+ Kd7 41. Qb7# 1-0